Perímetre de protecció per a les captacions municipals d' aigua potable de la comarca del Garraf / Josep Coromines i Blanch
Descripción Física:
101 p. , 23 cm
Colección:
Estudis i monografies ; 19
Materias:
Aigües subterrànies -- Garraf
MARC
| LEADER | 00000nam a2200000Ia 4500 | ||
|---|---|---|---|
| 001 | 11778 | ||
| 008 | 160829s1997 xx 000 0 cat d | ||
| 080 | |a C-1-294 | ||
| 100 | |a Coromines i Blanch, Josep |9 19966 | ||
| 245 | |a Perímetre de protecció per a les captacions municipals d' aigua potable de la comarca del Garraf / Josep Coromines i Blanch | ||
| 260 | |a Barcelona : |b Diputació de Barcelona, Servei del Medi Ambient, |c 1997 | ||
| 300 | |a 101 p. , 23 cm | ||
| 490 | |a Estudis i monografies ; 19 | ||
| 650 | |a Aigües subterrànies |x Garraf |9 19967 | ||
| 710 | 1 | |a Barcelona (Catalunya : Província). |b Servei de Medi Ambient |9 53475 | |
| 901 | |a Arxiu | ||
| 942 | |n 1 | ||
| 952 | |0 0 |1 0 |4 0 |6 C1294 |7 1 |9 41390 |a Arxiu |b Arxiu |d 2016-12-01 |l 0 |o C-1-294 |p 11778 |r 2016-12-01 00:00:00 |w 2016-12-01 |y ARXIU | ||
| 999 | |c 43197 |d 43197 | ||